Missing Word: '90s Movies A-Z Quiz Stats

 Plays Quiz Updated Jul 30, 2014

Support Sporcle.
Go Orange.
Score 0/24 Timer 03:00
0 Plays Today
Hint Answer % Correct
The Lion ____King
98.7%
Mission: ____Impossible
98.4%
____ GumpForrest
98.3%
____ in BlackMen
97.3%
10 Things I Hate About ____You
97.1%
____ FictionPulp
95.9%
The Shawshank ____Redemption
95.7%
The ____ SenseSixth
95.7%
The ____ MileGreen
95.1%
Wayne's ____World
94.6%
____ Wide ShutEyes
94.4%
Boyz n the ____Hood
94.3%
Hint Answer % Correct
Father of the ____Bride
94.2%
Fight ____Club
93.1%
____ StoryToy
92.8%
Reservoir ____Dogs
91.3%
The ____ SuspectsUsual
90.6%
____ BeautyAmerican
89.8%
The ____ Before ChristmasNightmare
86.1%
My Cousin ____Vinny
83.7%
____ ParkJurassic
82.7%
The Big ____Lebowski
81.7%
Galaxy ____Quest
81.1%
____ SpaceOffice
50.1%

Today's Daily Dose

You're not logged in!

Compare scores with friends on all Sporcle quizzes.
OR
Log In

From the Vault

Follow That Line: Ferris Bueller's Day Off

by Quizhappy

We think Ferris Bueller is a righteous dude.
Remove Ads.
Support Sporcle.
Get the best of Sporcle when you Go Orange. This ad-free experience offers more features, more stats, and more fun while also helping to support Sporcle. Thank you for becoming a member.

Show Comments

Extras

Top Quizzes Today


Score Distribution

Your Account Isn't Verified!

In order to create a playlist on Sporcle, you need to verify the email address you used during registration. Go to your Sporcle Settings to finish the process.

Report this User

Report this user for behavior that violates our Community Guidelines.

Details: